<?xml version="1.0" encoding="UTF-8"?>
<collection xmlns="http://www.loc.gov/MARC21/slim">
 <record>
  <leader>02433nam a2200253 a 4500</leader>
  <controlfield tag="001">1/44332</controlfield>
  <controlfield tag="008">140319s2011    lu d     b    001 0 eng  </controlfield>
  <datafield tag="035" ind1=" " ind2=" ">
   <subfield code="l">47278</subfield>
  </datafield>
  <datafield tag="040" ind1=" " ind2=" ">
   <subfield code="a">OPELS</subfield>
   <subfield code="b">eng</subfield>
   <subfield code="c">OPELS</subfield>
   <subfield code="d">GR-PeUP</subfield>
  </datafield>
  <datafield tag="041" ind1="0" ind2=" ">
   <subfield code="a">eng</subfield>
  </datafield>
  <datafield tag="100" ind1="1" ind2=" ">
   <subfield code="a">Davies, Rhys.</subfield>
  </datafield>
  <datafield tag="245" ind1="1" ind2="0">
   <subfield code="a">Quality of life in ethnically diverse neighbourhoods</subfield>
   <subfield code="h">[electronic resource] /</subfield>
   <subfield code="c">Rhys Davies, Clair Wilkins, Eric Harrison ... et. al.</subfield>
  </datafield>
  <datafield tag="260" ind1=" " ind2=" ">
   <subfield code="a">Λουξεμβούργο :</subfield>
   <subfield code="b">Υπηρεσία Επισήμων Εκδόσεων των Ευρωπαϊκών Κοινοτήτων,</subfield>
   <subfield code="c">2011.</subfield>
  </datafield>
  <datafield tag="300" ind1=" " ind2=" ">
   <subfield code="a">Ένα html e-book.</subfield>
  </datafield>
  <datafield tag="504" ind1=" " ind2=" ">
   <subfield code="a">Περιέχει βιβλιογραφία και ευρετήριο.</subfield>
  </datafield>
  <datafield tag="520" ind1="0" ind2=" ">
   <subfield code="a">Many European countries have experienced a high level of immigration from all parts of the world in the past two decades. The driving forces behind this have included rapid population growth and high rates of poverty in developing countries and strong demand for unskilled labour in Europe's agricultural and construction industries. This report presents the results of a programme of research that analyses the quality of life in ethnically diverse neighbourhoods in EU15 countries (Member States before the 2004/7 accession) based on the 2007 European Quality of Life Survey (EQLS). A description of the 2007 EQLS, including its approach to measuring and monitoring quality of life, is provided in Eurofound (2009). The focus of the analysis is on the comparative situation of neighbourhoods in which respondents to the EQLS state that the share of the population from racial or ethnic groups different from the majority is relatively high ('high-diversity neighbourhoods'). The analysis focuses on the EU15 and 10 selected countries within it. The selection of these countries (discussed below) was pragmatic and reflects the available sample size within the EQLS of respondents who report that they live in these areas.</subfield>
  </datafield>
  <datafield tag="533" ind1=" " ind2=" ">
   <subfield code="a">Ηλεκτρονικό βιβλίο</subfield>
   <subfield code="n">Τρόπος πρόσβασης μέσω διαδικτύου.</subfield>
  </datafield>
  <datafield tag="650" ind1=" " ind2="4">
   <subfield code="a">Quality of life</subfield>
   <subfield code="z">European Union countries.</subfield>
  </datafield>
  <datafield tag="655" ind1=" " ind2="4">
   <subfield code="a">Electronic books.</subfield>
  </datafield>
  <datafield tag="700" ind1="1" ind2=" ">
   <subfield code="a">Wilkins, Clair.</subfield>
  </datafield>
  <datafield tag="700" ind1="1" ind2=" ">
   <subfield code="a">Harrison, Eric.</subfield>
  </datafield>
  <datafield tag="710" ind1="2" ind2=" ">
   <subfield code="a">European Foundation for the improvement of living and working conditions.</subfield>
  </datafield>
  <datafield tag="852" ind1=" " ind2=" ">
   <subfield code="a">INST</subfield>
   <subfield code="b">UNIPILB</subfield>
   <subfield code="c">EBOOKS</subfield>
   <subfield code="e">20140319</subfield>
   <subfield code="p">00b47278</subfield>
   <subfield code="q">00b47278</subfield>
   <subfield code="t">ONLINE</subfield>
   <subfield code="y">0</subfield>
  </datafield>
  <datafield tag="856" ind1="4" ind2="0">
   <subfield code="u">http://www.eurofound.europa.eu/publications/htmlfiles/ef1122.htm</subfield>
  </datafield>
 </record>
</collection>
